001790000a220007300045001000022000002450030000220410013000527730040000651 aRico Gray, Victor10aAnts and tropical flowers0 aInglés1 tBiotropicah3q223-224 p.d1980g12